Numbers and geometry

Αποθηκεύτηκε σε:
Λεπτομέρειες βιβλιογραφικής εγγραφής
Κύριος συγγραφέας: Stillwell, John
Μορφή: Βιβλίο
Γλώσσα:English
Δημοσίευση: New york : Springer, c1998
Σειρά:Graduate texts in mathematics. Readings in mathematics
Θέματα:
Ετικέτες: Προσθήκη ετικέτας
Δεν υπάρχουν, Καταχωρήστε ετικέτα πρώτοι!

MARC

LEADER 00000nam a2200000 i 4500
001 1/90867
008 991005s1998 eng d
020 |a 0-387-98289-2 
035 |l 10053307 
040 |a GR-MY-UA  |b gre  |e aacr 
041 0 |a eng 
082 0 |a 510 
100 1 |a Stillwell, John. 
245 1 0 |a Numbers and geometry /  |c John Stillwell 
260 |a New york :   |b Springer,   |c c1998 
300 |a xiv, 339 p.;  |b ill.;  |c 24 cm. 
490 1 |a Graduate texts in mathematics. Readings in mathematics 
500 |a Includes bibliographical references and index 
650 0 0 |a Mathematics. 
830 0 |a Graduate texts in mathematics. Readings in mathematics 
852 |a INST  |b SAMOS  |e 19991005  |h 510 STI  |p 005300016997  |q 005300016997  |t BK  |y 0 
901 |a BIBL3-1999-3 
909 |a Σ  |b 067354 
922 |a 3ΕΛΗ  |b 199907  |c ΕΠΕΑΕΚ/ΜΑΘ  |d ΠΑΠΑΣΩΤΗΡΙΟΥ 
970 |a ΠΟΥΡΝΑΡΑΣ  |b ΔΗΜΗΤΡΗΣ  |z 1999/10/05